1972 1509 1048 1951 1687 1885 1734 1695 1803 1915 1629 1753 1468 1815 1543 1602 1803 1301 1849 1542 1917 1180 1421 1052 1378 1030 1935 1144 1274 1266 1985 1332 1979 1639 1887 1362 1608 1453 1418 1253 1472 1804 1066 1809 1907 1158 1943 1679 1125 1749 1499 1815 1654 1135 1774 1869 1672 1651 1620 1079 1534 1418 1730 1398 1414 1867 1257 1020 1949 1984 1544 1968 1523 1955 1078 1669 1272 1088 1183 1856 1633 1512 1403 1802 1688 1074 1637 1448 1660 1303 1436 1350 1059 1710 1925 1842 1287 1448 1886 BCNSPRNW ULIB Ver.6.0+V

เปลี่ยนเป็นภาษาไทย

Change to English
 แสดงรายละเอียดบรรณานุกรม
  กลับหน้าหลัก

Brief Record : Get Marc (ISO 2709) : E-mail record : QR code < ปิดหน้าต่าง
LEADER : 00000nam 2200000uu 4500
001    13399125978
003     ULIB
008    020711s2560 th a 000 0 tha d
020    ^a9786169227892
050    ^aLA1221^bม-ข
110    ^aมูลนิธิพัฒนจาการศึกษาบุคลากรสุขภาพแห่งชาติ(ศสช.)
245    ^aข้อเสนอแนะการพัฒนาการจัดการศึกษาวิชาชีพสุขภาพเฉพาะประเด็นเพื่อปฏิรูปสถาบันการศึกษาและการเรียนการสอน
260    ^aนนทบุรี :^bเดอะกราฟิโกซิสเต็มส์ จำกัด,^c2560
300    ^a48 หน้า;^c16 ซม.
650    ^aการศึกษา-สุขภาพ
945    ^p0^l0^i003409
999    ^aประนอม เกษจรัล
รายการนี้ยังไม่มีแท็ก
คุณยังไม่ได้ล็อกอิน คุณสามารถมีกิจกรรมร่วมกับเว็บไซต์ได้ แต่ต้องล็อกอินก่อน ::
  ล็อกอิน

รายการสื่อสารสนเทศ

ลำดับที่ ประเภท เลขเรียก/บาร์โค้ด สถานที่ สถานะ
1. การศึกษาทั่วไป
การศึกษาทั่วไป
LA1221 ม-ข ฉ.1 
  Barcode: 003409
ห้องสมุดวิทยาเขตสวรรค์ประชารักษ์
►หนังสือทั่วไป
บนชั้น

BibComment


ยังไม่เคยถูกคอมเมนท์

คอมเมนท์ทรัพยากรรายการนี้
  คอมเมนท์: ข้อเสนอแนะการพัฒ..


 Copyright 2026. Bcnsprnw @Library